Normal view
MARC view
Entry Personal Name
001 - CONTROL NUMBER
- control field: 308421
003 - CONTROL NUMBER IDENTIFIER
- control field: DLC
005 - DATE AND TIME OF LATEST TRANSACTION
- control field: 20250311122243.0
008 - FIXED-LENGTH DATA ELEMENTS
- fixed length control field: 240522n| azannabbn |n aaa c
010 ## - LIBRARY OF CONGRESS CONTROL NUMBER
- LC control number: no2024056844
024 7# - OTHER STANDARD IDENTIFIER
- Standard number or code: 0000000514504143
- Source of number or code: isni
035 ## - SYSTEM CONTROL NUMBER
- System control number: (OCoLC)oca16153287
040 ## - CATALOGING SOURCE
- Original cataloging agency: UkCU
- Language of cataloging: eng
- Description conventions: rda
- Transcribing agency: UkCU
- Modifying agency: MY-SjTCS
046 ## - SPECIAL CODED DATES
- Start period: 20
100 1# - HEADING--PERSONAL NAME
- Personal name: Tan, David T.
373 ## - ASSOCIATED GROUP
- Associated group: United Nations Development Programme
- Source of term: naf
374 ## - OCCUPATION
- Occupation: Head of Experimentation
375 ## - GENDER
- Gender: male
377 ## - ASSOCIATED LANGUAGE
- Language code: eng
670 ## - SOURCE DATA FOUND
- Source citation: Systems thinking analyses for health policy and systems development, 2021:
- Information found: title page (edited by David T. Tan, United Nations University International Institute for Global Health) page i (David T. Tan, Head of Experimentation in the United Nations Development Programme)